Etnografía crítica: surgimiento y repercusiones /
Kaydedildi:
| Yazar: | |
|---|---|
| Materyal Türü: | Metin |
| Etiketler: |
Etiketle
Etiket eklenmemiş, İlk siz ekleyin!
|
MARC
| LEADER | 00000 a a2200000 04500 | ||
|---|---|---|---|
| 001 | 46818 | ||
| 003 | |||
| 040 | |||
| 100 | |a Suárez Valdéz Ayala, Zuleyka | ||
| 245 | |a Etnografía crítica: |b surgimiento y repercusiones / |c Zuleyka Suárez Valdez Ayala | ||
| 773 | |g volumen21, número1, (2012), páginas 16-24 | ||
| 999 | |c 22978 |d 22978 | ||
